Manille - Choix Multiples - Statistiques

Statistiques générales
  • Ce quiz a été pris 1 288 fois
    1 258 depuis la dernière actualisation
  • Le résultat moyen est 6 sur 10
Statistiques - réponses
Question Réponse % Correct
Que désigne Ketsana, qui a touché Manille en 2009 ? Un typhon
85%
Quels véhicules, hérités de l'occupation américaine, sont aujourd'hui réutilisés comme moyen de transport en commun ? Des Jeep
70%
Quelle puissance coloniale européenne « fonde » Manille en 1571 ? Espagne
67%
Sur quelle île se trouve la ville de Manille ? Luçon
63%
Laquelle de ces images a été prise dans le centre historique de Manille ?
59%
Laquelle de ces villes fait partie de l'agglomération de Manille mais est plus peuplée que cette dernière ? Quezon City
57%
Lequel de ces films avec Marlon Brando a été tourné à Manille ? Apocalypse Now
52%
Pour quelle couleur est exploitée la plante appelée nila, qui a donné son nom à la ville ? Indigo
46%
Comment se nomme le poète, médecin et sympathisant de l'indépendance, devenu héros national, fusillé à Manille en 1896 ? José Rizal
35%
Pour quelle triste raison Manille a marqué l'Histoire de la Seconde Guerre Mondiale ? Elle est une des villes qui a subi le plus de destructions
33%
Aucun quiz correspondant
Distribution des résultats
% des personnes avec chaque résultat
Percentile par nombre de réponses
Votre historique - résultats
Vous n’avez pas pris ce quiz depuis la dernière actualisation